<?xml version="1.0" encoding="UTF-8"?>
<record
    xmlns:xsi="http://www.w3.org/2001/XMLSchema-instance"
    xsi:schemaLocation="http://www.loc.gov/MARC21/slim http://www.loc.gov/standards/marcxml/schema/MARC21slim.xsd"
    xmlns="http://www.loc.gov/MARC21/slim">

  <leader>00821nam a22002297a 4500</leader>
  <datafield tag="999" ind1=" " ind2=" ">
    <subfield code="c">22432</subfield>
    <subfield code="d">22432</subfield>
  </datafield>
  <controlfield tag="003">OSt</controlfield>
  <controlfield tag="005">20220704085826.0</controlfield>
  <controlfield tag="008">180228s2017    pe            000 0 spa  </controlfield>
  <datafield tag="020" ind1=" " ind2=" ">
    <subfield code="a">9786124759789</subfield>
  </datafield>
  <datafield tag="040" ind1=" " ind2=" ">
    <subfield code="c">Biblioteca Municipal de Cusco</subfield>
  </datafield>
  <datafield tag="082" ind1=" " ind2=" ">
    <subfield code="a">398.0985/M10</subfield>
    <subfield code="b">M10</subfield>
  </datafield>
  <datafield tag="100" ind1=" " ind2=" ">
    <subfield code="a">Minauro Cruz, V&#xED;ctor Luis</subfield>
    <subfield code="9">48152</subfield>
  </datafield>
  <datafield tag="245" ind1=" " ind2=" ">
    <subfield code="a">Los apus de Espinar :</subfield>
    <subfield code="b">mitolog&#xED;a andina /</subfield>
    <subfield code="c">V&#xED;ctor Luis Minauro Cruz</subfield>
  </datafield>
  <datafield tag="250" ind1=" " ind2=" ">
    <subfield code="a">Primera edici&#xF3;n.</subfield>
  </datafield>
  <datafield tag="260" ind1=" " ind2=" ">
    <subfield code="a">Lima :</subfield>
    <subfield code="b">REGESA,</subfield>
    <subfield code="c">2019.</subfield>
  </datafield>
  <datafield tag="300" ind1=" " ind2=" ">
    <subfield code="a">187 p&#xE1;ginas. :</subfield>
    <subfield code="b">ilustraciones en color. ;</subfield>
    <subfield code="c">21 x 24 cm.</subfield>
  </datafield>
  <datafield tag="504" ind1=" " ind2=" ">
    <subfield code="a">Bibliograf&#xED;a: p. 187.</subfield>
  </datafield>
  <datafield tag="650" ind1=" " ind2=" ">
    <subfield code="a">Mitolog&#xED;a ind&#xED;gena</subfield>
    <subfield code="z">Per&#xFA;</subfield>
    <subfield code="9">48153</subfield>
  </datafield>
  <datafield tag="650" ind1=" " ind2=" ">
    <subfield code="a">Cosmolog&#xED;a ind&#xED;gena</subfield>
    <subfield code="y">&#xC9;poca Prehisp&#xE1;nica</subfield>
    <subfield code="z">Per&#xFA;</subfield>
    <subfield code="9">48154</subfield>
  </datafield>
  <datafield tag="651" ind1=" " ind2=" ">
    <subfield code="a">Espinar, Cus. (Per&#xFA; : Provincia)</subfield>
    <subfield code="x">Vida y costumbres sociales</subfield>
    <subfield code="9">48155</subfield>
  </datafield>
  <datafield tag="942" ind1=" " ind2=" ">
    <subfield code="2">ddc</subfield>
    <subfield code="c">LIBROS</subfield>
  </datafield>
  <datafield tag="952" ind1=" " ind2=" ">
    <subfield code="0">0</subfield>
    <subfield code="1">0</subfield>
    <subfield code="2">ddc</subfield>
    <subfield code="4">0</subfield>
    <subfield code="7">0</subfield>
    <subfield code="a">SH</subfield>
    <subfield code="b">SH</subfield>
    <subfield code="c">CART</subfield>
    <subfield code="d">2022-07-04</subfield>
    <subfield code="e">Donaci&#xF3;n</subfield>
    <subfield code="g">79.00</subfield>
    <subfield code="o">398.0985/M10</subfield>
    <subfield code="p">SH0000016311</subfield>
    <subfield code="r">2022-07-04</subfield>
    <subfield code="w">2022-07-04</subfield>
    <subfield code="y">LIBROS</subfield>
  </datafield>
  <datafield tag="952" ind1=" " ind2=" ">
    <subfield code="0">0</subfield>
    <subfield code="1">0</subfield>
    <subfield code="2">ddc</subfield>
    <subfield code="4">0</subfield>
    <subfield code="7">0</subfield>
    <subfield code="a">SH</subfield>
    <subfield code="b">SH</subfield>
    <subfield code="c">CART</subfield>
    <subfield code="d">2022-07-04</subfield>
    <subfield code="e">Donaci&#xF3;n</subfield>
    <subfield code="g">79.00</subfield>
    <subfield code="o">398.0985/M10/e.2</subfield>
    <subfield code="p">SH0000016312</subfield>
    <subfield code="r">2022-07-04</subfield>
    <subfield code="w">2022-07-04</subfield>
    <subfield code="y">LIBROS</subfield>
  </datafield>
</record>
